000 00572nam a2200193 i 4500
001 37166
003 ES-MaACL
005 20250702042500.0
007 t|
008 030220s1906 fr ||||1| fre d
100 1 _aBrunschvicg, Léon,
_d1853-1904
_932207
245 1 0 _aSpinoza /
_cpar León Brunschvicg.
250 _a2e. ed., revue et augmentée.
260 _aParis :
_bFélix Alcan,
_c1906 (
_eTours :
_fE. Arrault)
300 _aII, 235 p. ;
_c23 cm.
600 1 4 _aSpinoza, Benedictus de
_9107750
852 _aES-MaACL
_jB-6231
999 _c37166
_d37166